Common Knowledge #32 - Statistics

General Stats
  • This quiz has been taken 724 times
    711 since last reset
  • The average score is 16 of 20
Answer Stats
Hint Answer % Correct
What ocean did the Titanic sink in? Atlantic
94%
Which state is Las Vegas located? Nevada
92%
What is the periodic symbol for Magnesium Mg
91%
What is the only U.S. state that starts with the letter P? Pennsylvania
91%
What country is shaped like a boot? Italy
90%
What movie did Timon and Pumbaa appear in? Lion King
89%
What European explorer landed in the New World in 1492? Christopher Columbus
87%
What is the French word for hello? Bonjour
85%
Who was Prime Minister of the United Kingdom during most of WWII? Winston Churchill
82%
What singer's hits include "When I Was Your Man" and "24K Magic"? Bruno Mars
80%
Who recorded the songs "Tiny Dancer", "Crocodile Rock", and "Rocket Man"? Elton John
80%
The study of stars, planets, and other objects in space. Astronomy
77%
What is the only country that starts with "O"? Oman
77%
What is the most populous city in Turkey? Istanbul
74%
On the first day of Christmas my true love sent to me. A partridge in a ____ tree. Pear
73%
What was the last name of inventors Orville and Wilbur? Wright
72%
What cartoon character says "What's up, Doc?" Bugs Bunny
68%
What first name was used by at least 18 different French kings? Louis
68%
What are the first 3 words in the U.S. Constitution? We the People
59%
Osama Bin Laden was the leader of ______. Al Qaeda
47%
No matching quizzes found
Score Distribution
Percent of People with Each Score
Percentile by Number Answered
Your Score History
You have not taken this quiz since the last reset